|
|
|
|
| LEADER |
00000nab a2200000 a 4500 |
| 001 |
vtls000175265 |
| 003 |
SK-MaSNL |
| 005 |
20260319074703.0 |
| 008 |
111104c1983 xo 0 ukr |
| 015 |
|
|
|a SNBRB19rr/mm-uuuuu
|
| 035 |
|
|
|a CL0185378
|
| 040 |
|
|
|a SNKBUCL
|b slo
|c SNKBUCL
|e AACR2
|
| 041 |
0 |
|
|a ukr
|
| 044 |
|
|
|a xo
|c SK
|
| 080 |
|
|
|a 374.1:061.2(437=83)
|2 1981
|
| 080 |
|
|
|a 061.2(437=83)
|2 1981
|
| 100 |
1 |
|
|a Fabian, Myroslava
|4 aut
|9 624962
|
| 245 |
1 |
0 |
|a Dlja pokraščannja propahandy
|c Myroslava Fabian
|
| 610 |
2 |
7 |
|a Kultúrny zväz ukrajinských pracujúcich (Slovensko)
|2 snkbucl
|9 89421
|
| 655 |
|
7 |
|a články z novín a časopisov
|2 snkbucl
|9 267496
|
| 773 |
0 |
|
|t Nove žyttja
|g Roč. 33, č. 41 (14. 10. 1983), s. 2
|
| 850 |
|
|
|a Slovenská národná knižnica v Martine
|a MTA001
|
| 852 |
|
|
|a SNK
|b KIS3GCP
|
| 992 |
|
|
|a RBX
|
| 999 |
|
|
|c 1481908
|d 1483838
|